000 00268nam a22000977a 4500
082 _a340.59
_bZAH
245 _aNew Islamic Laws (Hudood)1979 /
_cMian Zahur-Ud-Din
260 _aLahore :
_bMansoor Law Books House,
_c2022.
300 _a160 p. ;
_c24 cm.
942 _2ddc
_cBK
999 _c592338
_d592338